000 00711nam a2200205 a 4500
005 20250111063822.0
008 080919s1969 fr r 000 0 eng d
035 _aUPN01000159833
049 _aUNE
050 4 _aLB2806
_bT3.23
100 1 _aTa, Ngoc Châu
_931298
245 1 0 _aDemographic aspects of educational planning /
_cTa Ngon Châu.
260 _aParis :
_bUNESCO, International Institute for Educational Planning,
_c1969.
300 _a83 p. :
_bil.
440 0 _aFundamentals of educational planning ;
_v9
500 _aTambién localizas un ejemplar en Colección General
650 4 _aEducación
_xPlanificación
_91146
650 4 _aEducación
_xAspectos demográficos
_914726
905 _aLibro
999 _c131947
_d131947